000 00346nam a2200157Ia 4500
003 OSt
005 20240319144117.0
008 170524s9999 xx 000 0 und d
020 _a1850299218
040 _cIIMTU MEERUT
100 _acollister-linda
245 4 _aThe sauce book
260 _bconran octopus
260 _c2004
942 _2ddc
_c02
999 _c6899
_d6899